| 000 | 00804nam a22002297a 4500 | ||
|---|---|---|---|
| 999 |
_c20475 _d20475 |
||
| 003 | AR-CdUCM | ||
| 008 | 190320b ||||| |||| 00| 0 spa d | ||
| 020 | _a84-329-2706-6 | ||
| 040 |
_aMUNICIPALIDAD PROVINCIAL DEL CUSCO _cBIBLIOTECA MUNICIPAL DEL CUSCO |
||
| 082 |
_24ed. _a690 / _bC81 |
||
| 100 |
_aCompany, Manuel _942814 |
||
| 245 |
_aCálculos de construcción : _bProntuario para el calculo de anteproyectos con numerosos ejemplos resueltos / |
||
| 260 |
_aBarcelona : _bGustavo Gilli, _c1962. |
||
| 300 |
_a748 paginas ; _c29 cm. |
||
| 505 | _aContenido : Suelos de madera -- Calculo de los suelos de madera -- Vigas acopladas... | ||
| 650 |
_aSuelos _919092 |
||
| 650 |
_aCimientos _942779 |
||
| 650 |
_aColumnas _942815 |
||
| 650 |
_aMuros _942816 |
||
| 942 |
_2ddc _cLIBROS |
||
| 945 | _arcc | ||